000 00311nam a22001337a 4500
008 210511b ||||| |||| 00| 0 eng d
041 _aeng
080 _a616
082 _a616
100 _a9
101 _aPAT
245 _aA Guide to Necropsy Diagnosis in Swine Pathology
_cGuillamon,M.H
942 _2udc
_cBK
999 _c57170
_d57170